000 00870nam a22002297a 4500
999 _c6910
_d6910
003 AR-CdUCM
008 190319b ||||| |||| 00| 0 spa d
040 _aMUNICIPALIDAD PROVINCIAL DEL CUSCO
_cBIBLIOTECA MUNICIPAL DEL CUSCO
082 _a620.1123 /
_bB81
100 _aBranson, Lane K.
_919473
245 _aMecanica :
_bPara estudiantes de ingenieria /
260 _aBuenos Aires :
_bFondo educativo interamericano,
_bCentro Regional de ayuda tecnica,
_c1970.
300 _a410 paginas ;
_bTrazos, dibujos, graficos,
_c28cm.
500 _aColeccion fondo editorial y problemas con solucion
505 _aContenido: Vectores -- fuerzas -- equilibrio -- estatica -- cerchas y cables...
650 _aMecanica
_919257
650 _aIngenieria para estudiar
_919474
650 _aVectores
_919475
650 _aFuerzas
_919476
942 _2ddc
_cLIBROS
945 _apjha